Malwan residenty: Savantvadi affairs, 1812-1819 (Record no. 362291)

000 -LEADER
fixed length control field 00449cam a22001337a 4500
008 - FIXED-LENGTH DATA ELEMENTS--GENERAL INFORMATION
fixed length control field 180718b1956 xxu||||| |||| 00| 0 eng d
082 ## - DEWEY DECIMAL CLASSIFICATION NUMBER
Classification number A6x54 O4 C452m
245 ## - TITLE STATEMENT
Title Malwan residenty: Savantvadi affairs, 1812-1819
Statement of responsibility, etc. edited by R.D. Choksey
260 ## - PUBLICATION, DISTRIBUTION, ETC.
Place of publication, distribution, etc. Poona
Name of publisher, distributor, etc. The Author
Date of publication, distribution, etc. 1956
300 ## - PHYSICAL DESCRIPTION
Extent 142p.
500 ## - GENERAL NOTE
General note Select documents from the Ratnegiri Collector's Files (Peshwa Daftar)
650 ## - SUBJECT ADDED ENTRY--TOPICAL TERM
Topical term or geographic name entry element India - History, 1674-1818
700 ## - ADDED ENTRY--PERSONAL NAME
Personal name Choksey, R.D.
Holdings
Withdrawn status Lost status Damaged status Not for loan Permanent Location Current Location Date acquired Full call number Barcode Date last seen Price effective from Koha item type
        Indian Institute of Public Administration Indian Institute of Public Administration 1994-03-22 A6x54 O4 C452m 17374 2018-07-21 2018-07-21 Book

Powered by Koha